000 00282nam a22001337a 4500
008 251223b ||||| |||| 00| 0 eng d
020 _a0895310775
041 _aeng
080 _a1st
100 _a17
101 _aart
245 _aBob Hope
_cPiits Jr. Leonard
942 _2udc
_cBK
999 _c60740
_d60740